000
00335nam a2200145Ia 4500
005
20251222143303.0
008
251222s9999||||xx |||||||||||||| ||spa||
020
_a
84-8239-572-6
082
_a
274.6/G82
100
_a
Grousset, René
245
0
_a
La Epopeya de las Cruzadas
250
_a
2a.ed.
264
_b
Palabra
942
_c
LIB
999
_c
15429
_d
15429